Loading...
Brief Applied Calculus
| Hovedforfatter: | |
|---|---|
| Andre forfattere: | |
| Format: | Printed Book |
| Udgivet: |
Brooks/cole
2010
|
| LEADER | 00365nam a22001097a 4500 | ||
|---|---|---|---|
| 100 | |a Berresford, Geoffrey C | ||
| 245 | |a Brief Applied Calculus | ||
| 260 | |b Brooks/cole |c 2010 | ||
| 700 | |a Rockett, Andrew M | ||
| 942 | |c BK | ||
| 999 | |c 135302 |d 135302 | ||
| 952 | |0 0 |1 0 |4 0 |6 26_000000000000000_BER |7 0 |9 149611 |a MAT |b MAT |c GEN |d 2012-12-12 |i 5666 |l 0 |o 26 BER |p MAT5666 |r 2013-08-01 |w 2013-08-01 |y BK | ||